| 000 | 00838nam a22002537a 4500 | ||
|---|---|---|---|
| 001 | 6282 | ||
| 003 | FISKH | ||
| 005 | 20250409094943.0 | ||
| 008 | 250409b cb ||||| |||| 00| 0 eng d | ||
| 040 |
_aFISKH _beng _cFISKH _dFISKH |
||
| 050 | _aPZ8.L733 W | ||
| 082 | _a398.2094302 | ||
| 100 | _aGrimm, Brothers | ||
| 245 |
_aLittle red riding hood / _cRetold by Susanna Davidson ; Illustrated by Mike Gordon |
||
| 260 |
_aLondon ; _bUsborne Publishing, _c2006. |
||
| 300 |
_a47 pages : _bcolor illustrations ; _c20 cm |
||
| 505 | _aK | ||
| 520 | _aA retelling of the traditional tale of a little girl who meets a wolf in the forest on the way to visit her grandmother. | ||
| 521 | 8 |
_a490
_bLexile |
|
| 521 | 8 |
_aK
_bRaz-Plus |
|
| 650 |
_aFairies _vFolklore _xChildhood Memory |
||
| 942 |
_2ddc _cBK _n0 |
||
| 999 |
_c6282 _d6282 |
||